Производственный менеджмент в инвестиционно-строительной сфере: электронный курс

Bibliografske podrobnosti
Glavni avtor: Кочеткова О. П. Ольга Петровна
Korporativna značnica: Национальный исследовательский Томский политехнический университет (ТПУ) Институт природных ресурсов (ИПР) Кафедра экономики природных ресурсов (ЭПР)
Izvleček:Заглавие с экрана
В данном учебном курсе рассматриваются основные понятия менеджмента, раскрывается специфика производственного управления. Выделены особенности функционирования нефтегазовых компаний, их состояние и перспективы развития. Обозначена специфика управленческой деятельности, в частности управление геофизическим предприятием. Особое внимание уделяется: управлению персоналом, особенностям функционирования нефтегазовой отрасли, корпоративной политике, ценовой политике, способам организации сбыта товаров и услуг. Знания, полученные в курсе, помогут самостоятельно работать с нормативно-технической документацией, грамотно анализировать и интерпретировать полученные результаты, грамотно подбирать методы и средства контроля за разработкой проектно-сметной документации, грамотно подбирать методики решения и анализа задач по составлению календарных, оперативных и бизнес-планов, критически оценивать полученные теоретические и экспериментальные данные и делать выводы.
Доступ по логину и паролю
Jezik:ruščina
Izdano: Томск, TPU Moodle, 2015
Teme:
Online dostop:http://design.lms.tpu.ru/course/view.php?id=694
Format: Elektronski Knjiga
KOHA link:https://koha.lib.tpu.ru/cgi-bin/koha/opac-detail.pl?biblionumber=651744

MARC

LEADER 00000nlm0a2200000 4500
001 651744
005 20231102025820.0
035 |a (RuTPU)RU\TPU\network\17006 
035 |a RU\TPU\network\17003 
090 |a 651744 
100 |a 20161121d2015 m y0rusy50 ca 
101 0 |a rus 
102 |a RU 
105 |a a j 000zy 
135 |a jrcn ---uucaa 
181 0 |a i  
182 0 |a b 
200 1 |a Производственный менеджмент в инвестиционно-строительной сфере  |e электронный курс  |f О. П. Кочеткова  |g Национальный исследовательский Томский политехнический университет (ТПУ), Институт природных ресурсов (ИПР), Кафедра экономики природных ресурсов (ЭПР) 
203 |a Текст  |c электронный 
210 |a Томск  |c TPU Moodle  |d 2015 
230 |a Электрон. дан. 
300 |a Заглавие с экрана 
330 |a В данном учебном курсе рассматриваются основные понятия менеджмента, раскрывается специфика производственного управления. Выделены особенности функционирования нефтегазовых компаний, их состояние и перспективы развития. Обозначена специфика управленческой деятельности, в частности управление геофизическим предприятием. Особое внимание уделяется: управлению персоналом, особенностям функционирования нефтегазовой отрасли, корпоративной политике, ценовой политике, способам организации сбыта товаров и услуг. Знания, полученные в курсе, помогут самостоятельно работать с нормативно-технической документацией, грамотно анализировать и интерпретировать полученные результаты, грамотно подбирать методы и средства контроля за разработкой проектно-сметной документации, грамотно подбирать методики решения и анализа задач по составлению календарных, оперативных и бизнес-планов, критически оценивать полученные теоретические и экспериментальные данные и делать выводы. 
333 |a Доступ по логину и паролю 
606 1 |a Предприятия  |x Экономика  |x Управление  |2 stltpush  |3 (RuTPU)RU\TPU\subj\36690  |9 57983 
610 1 |a электронный ресурс 
610 1 |a труды учёных ТПУ 
610 1 |a электронное обучение 
610 1 |a электронные курсы ТПУ 
610 1 |a методология 
610 1 |a менеджмент 
610 1 |a мотивации 
610 1 |a стратегия 
610 1 |a миссия 
610 1 |a концентрация 
610 1 |a производства 
610 1 |a государственное управление 
610 1 |a природная рента 
610 1 |a производственные циклы 
610 1 |a геологические циклы 
610 1 |a организационная структура 
610 1 |a электронные учебные пособия 
610 1 |a учебные пособия 
686 |a У9(2)29-2я73  |2 rubbk 
700 1 |a Кочеткова  |b О. П.  |c экономист  |c старший преподаватель Томского политехнического университета  |f 1974-  |g Ольга Петровна  |2 stltpush  |3 (RuTPU)RU\TPU\pers\28031 
712 0 2 |a Национальный исследовательский Томский политехнический университет (ТПУ)  |b Институт природных ресурсов (ИПР)  |b Кафедра экономики природных ресурсов (ЭПР)  |h 3659  |2 stltpush  |3 (RuTPU)RU\TPU\col\18668 
801 2 |a RU  |b 63413507  |c 20210927  |g RCR 
856 4 |u http://design.lms.tpu.ru/course/view.php?id=694 
942 |c CF